000 00600nam a22001937a 4500
003 NUST
005 20230202144242.0
008 190703b ||||| |||| 00| 0 eng d
038 _aMr. Zahoor
082 _a540
100 _aZafar, Hadia
_916595
245 _aSynthesis of Modified PVA Derivatives Containing Silver Nanoparticles for Wound Healing Applications
_cHadia Zafar
260 _aIslamabad :
_bSNS - NUST,
_c2018.
300 _aix, 51 p. : ill. ;
_c30cm.
500 _aHardcover.
650 _aChemistry - Ms Thesis
_916069
700 _aDr. Mudassir Iqbal
_916596
942 _2ddc
_cTHE
999 _c525658
_d525658